Countries that Export the most Beef - Statistics

General Stats
  • This quiz has been taken 34 times
  • The average score is 11 of 15
Answer Stats
Percent Country % Correct
4.6% Argentina
100%
2.3% Australia
100%
4.6% Brazil
100%
13.6% United States
100%
3.7% Canada
97%
10.5% Mexico
97%
11.7% Germany
87%
3% New Zealand
77%
3.2% India
71%
4.2% Poland
58%
1.8% Ireland
48%
2.8% Uruguay
45%
2% Paraguay
42%
4.4% Netherlands
39%
4.1% Nicaragua
10%
No matching quizzes found
Score Distribution
Percent of People with Each Score
Percentile by Number Answered
Your Score History
You have not taken this quiz